书目信息 |
| 题名: |
托尼·克拉格:雕塑与绘画
|
|
| 作者: | 王璜生 主编 ;孙越 , 克拉格 , 刘炳艳 , 黄进之 译 ;中央美术学院美术馆 编著 | |
| 分册: | ||
| 出版信息: | 北京 中央编译出版社 2012 |
|
| 页数: | 261页 | |
| 开本: | 29cm | |
| 丛书名: | ||
| 单 册: | ||
| 中图分类: | J331 , J231(561) | |
| 科图分类: | ||
| 主题词: | 雕塑--作品集--英国--现代 , 绘画--作品集--英国--现代 | |
| 电子资源: | ||
| ISBN: | 978-7-5117-1352-0 | |
| 000 | 01281nam0 2200361 450 | |
| 001 | 010467509 | |
| 005 | 20200115093543.0 | |
| 010 | @a978-7-5117-1352-0@dCNY268.00 | |
| 090 | @aJ33@bwhs | |
| 096 | @aJ33@bzym | |
| 100 | @a20191102d2012 em y0chiy0120 ea | |
| 101 | 0 | @achi@aeng |
| 102 | @aCN@b110000 | |
| 105 | @aa z 000yy | |
| 106 | @ar | |
| 200 | 1 | @a托尼·克拉格:雕塑与绘画@b专著@dTony Cragg: sculptures and drawings@f中央美术学院美术馆编著@zeng@9tuo ni · ke la ge : diao su yu hui hua |
| 210 | @a北京@c中央编译出版社@d2012 | |
| 215 | @a261页@d29cm | |
| 304 | @a中央美术学院美术馆、成都当代美术馆、上海喜玛拉雅美术馆、英国大使馆文化教育处主办 | |
| 314 | @a版权页题:王璜生主编;孙越,刘炳艳,黄进之译 | |
| 510 | 1 | @aTony Cragg: sculptures and drawings@zeng |
| 606 | 0 | @a雕塑@x作品集@y英国@z现代 |
| 606 | 0 | @a绘画@x作品集@y英国@z现代 |
| 690 | @aJ331@v5 | |
| 690 | @aJ231(561)@v5 | |
| 701 | 0 | @a王璜生@4主编@9wang huang sheng |
| 702 | 0 | @a孙越@4译@9sun yue |
| 702 | 0 | @c(英)@a克拉格@c(Cragg, Tony)@4著@9ke la ge |
| 702 | 0 | @a刘炳艳@4译@9liu bing yan |
| 702 | 0 | @a黄进之@4译@9huang jin zhi |
| 712 | 02 | @a中央美术学院美术馆@4编著@9zhong yang mei shu xue yuan mei shu guan |
| 801 | 0 | @aCN@bBJXHZP@c20230228 |
| 905 | @b1408264-8@dJ331@e5@f5 | |
| 托尼·克拉格:雕塑与绘画=Tony Cragg: sculptures and drawings/中央美术学院美术馆编著.-北京:中央编译出版社,2012 |
| 261页;29cm |
| ISBN 978-7-5117-1352-0:CNY268.00 |
| ● |
| 相关链接 |
|
|
|
|
正题名:托尼·克拉格:雕塑与绘画
索取号:J331/5
 
预约/预借
| 序号 | 登录号 | 条形码 | 馆藏地/架位号 | 状态 | 备注 |
| 1 | 1408264 | 214082641 | 第一样本阅览室/ [索取号:J331/5] | 在馆 | |
| 2 | 1408265 | 214082650 | 第一借阅区/ [索取号:J331/5] | 在馆 | |
| 3 | 1408266 | 214082669 | 第一借阅区/ [索取号:J331/5] | 在馆 | |
| 4 | 1408267 | 214082678 | 第一借阅区/ [索取号:J331/5] | 在馆 | |
| 5 | 1408268 | 214082687 | 第一借阅区/ [索取号:J331/5] | 在馆 |